Statistics for Title in the Taylor Swift lyrics.

Click here to take the quiz!

General Stats

  • This quiz has been taken 9,415 times
    (9,407 since last reset)
  • The average score is 28 of 70

Answer Stats

HintAnswer% Correct
Wind in my hair, I was there I remember it ___ ___ ____.All Too Well
95%
___ ____ is the slammin' screen door, sneakin' out late, tappin' on your window.Our Song
75%
You are the best thing that's ever been ____.Mine
71%
But loving him was ___, loving him was ___.Red
71%
Hey! I don't know about you, but I'm feeling __.22
70%
As far as I'm concerned you're just another _______ __ ____.Picture To Burn
70%
All I know is I was _________ to meet you.Enchanted
66%
Someday I'll be livin' in a big old city and all you're ever gonna be is ____.Mean
66%
When you think ___ ______ I hope you think my favourite song.Tim McGraw
65%
But on a Wednesday, in a cafe, I watched it _____ _____.Begin Again
64%
I go ____ __ ________, turn around and change my own mind.Back To December
63%
She should keep in mind there is nothing I do ______ ____ _______.Better Than Revenge
63%
He's the reason for the _________ __ __ ______.Teardrops On My Guitar
63%
You'll be the prince and I'll be the princess, it's a ____ _____, baby just say yes.Love Story
62%
Don't wait or say a single vow, you need to hear me out and they said _____ ___.Speak Now
61%
So why can't you see, ___ ______ ____ __?You Belong With Me
61%
'Cause when you're _______ and somebody tells you they love you, you're gonna believe them.Fifteen
54%
And ___ _____ __ __ looks a lot like a tragedy now.The Story Of Us
52%
You take my hand and drag me headfirst, ________.Fearless
50%
Now it's too late for you and your _____ _____ to come around.White Horse
48%
And I can't _______ without you, but I have to.Breathe
47%
This time I'm telling you, I'm telling you __ ___ _____ ____ _______ ____ ________.We Are Never Ever Getting Back Together
47%
We had a beautiful magic love there, what a ___ _________ ______ love affair.Sad Beautiful Tragic
46%
You ______'__ ____ __, you should've gone home.Should've Said No
46%
But I know I had ___ ____ ___ with you today.The Best Day
46%
Oh I'm just a girl, trying to find _ _____ __ ____ _____.A Place In This World
44%
Who you are is not where you've been, you're still an ________.Innocent
44%
Can't breathe whenever you're gone, can't turn back now, I'm _______.Haunted
43%
____, ____, ____, I've been loving you for quite some time, time, time.Stay, Stay, Stay
43%
Don't look at me you've got a ____ __ ____ and everbody knows that.Girl At Home
42%
'Cause I see ______ ___ whenever you smile.Sparks Fly
42%
This slope is ___________, this path is reckless.Treacherous
42%
____ ____ the walls we crashed through.Long Live
41%
____ ____ I see it all now that you're gone.Dear John
40%
___ _______, I know looks can be deceiving but I know I saw a light in you.Hey Stephen
39%
And I hope you know that every time I don't, _ ______ __.I Almost Do
38%
And we were dancing, dancing, like we're made of ________, _________.Starlight
37%
Because these things will ______, can you feel it now?Change
36%
This is ___ ____ ____ I'm asking you this, put my name at the top of your list.The Last Time
35%
I don't wanna miss you like this, ____ ____... __ ____, ____ ____... __ ____.Come Back... Be Here
34%
I watch ________ fly away, you've got a busy day today.Superman
34%
Why would you wanna break _ _________ ____ ______?A Perfectly Good Heart
33%
_ ____ ___ ____ _______ when you walked in.I Knew You Were Trouble
33%
And now that I'm sitting here thinking it through, I've never been anywhere ____ __ ___.Cold As You
32%
All I know since yesterday is _________ ___ ______.Everything Has Changed
32%
This is a _____ __ _____, this is the worthwhile fight.State Of Grace
31%
The stakes are high, the water's rough, but this love is ____.Ours
30%
Everbody's watching to see the fallout, even when you're sleeping keep your ____ ____.Eyes Open
28%
'Cause I was there when you said _______ ___ ______.Forever And Always
27%
And right there where we stood, was ____ ______.Holy Ground
27%
Don't be afraid to ____ __ ____, ____ __ ____ into me.Jump Then Fall
27%
And I never knew I could feel that much and that's ___ ___ _ _____ ___.The Way I Loved You
27%
But there was one thing missing, and that was ___ ______ _ ____.The Moment I Knew
26%
I can still see you, this ain't the best view, on ___ _______ looking in.The Outside
26%
I never thought we'd have a ____ ____.Last Kiss
24%
And they'll tell you now you're ___ _____ ___.The Lucky One
24%
But I don't believe you baby like I did before, _____ ___ _____, no no oh.You're Not Sorry
24%
We could be a beautiful, miracle, unbelievable, instead of just _________.Invisible
23%
And I know that you see what you're doing to me, ____ __ ___.Tell Me Why
22%
I hope your love will lead you back to my door, oh but if it don't, ____ _________.Stay Beautiful
21%
And don't you leave 'cause I know all I need is on ___ _____ ____ __ ___ ____.The Other Side Of The Door
21%
But __ ____ ___ _ _____ you'd be here by now.If This Was A Movie
18%
Come morning light, you and I'll be ____ ___ _____.Safe And Sound
18%
You're ____ _______ ____ _ _____ but you're coming undone.Tied Together With A Smile
16%
Just know I'm right here hoping that you'll ____ __ ____ ___ ____.Come In With The Rain
15%
___________ burning brighter than the sun.Untouchable
14%
Give me a photograph to hang on my wall, _________.Superstar
12%
It must have been the way _____ ___ _ _________.Today Was A Fairytale
12%
The other half I'm trying to let you know that what I feel is true, and _'_ ____ __ ____ _'_ ____ ___I'm Only Me When I'm With You
10%
And even though you want to, just try to _____ ____ __.Never Grow Up
9%

Score Distribution

Percentile by Number Answered

Percent of People with Each Score

Your Score History

You have not taken this quiz since the last reset